000 00407nam a22001817a 4500
003 OSt
005 20260407124445.0
008 260402b |||||||| |||| 00| 0 eng d
020 _a9789392820854
082 _a8H1.4337
_bKAUP
100 _aKaul,Manav
245 _aPatjhad
260 _aNew Delhi
_bHind Yugm
_c2025
300 _a238p
546 _aHindi
650 _aHindi Literature
942 _2ddc
_cBK
999 _c3975
_d3975